| 000 | 00700nam a2200193 a 4500 | ||
|---|---|---|---|
| 003 | AM-YeHGA | ||
| 005 | 20250618074952.0 | ||
| 008 | 180330s1952 ru c||||r|||||000|1|rus|| | ||
| 040 | _aAM-YeHGA | ||
| 041 | 1 |
_arus _hsah |
|
| 100 | 1 | _aЭлляй, Серафим Романович | |
| 245 | 1 | 0 |
_aСчастье якута : _bСтихи и поэмы : [Перевод с якутского] / _cЭлляй. |
| 260 |
_aЯкутск : _bЯкгиз, _c1952. |
||
| 300 |
_a140 с., 1 л. портр. ; _c20 см. |
||
| 650 | 1 | 4 |
_aХудожественная литература _94918 |
| 650 | 1 | 4 |
_aЯкутская литература _xПоэзия |
| 942 |
_2udc _cBK |
||
| 090 | _c419923 | ||
| 999 |
_c417547 _d417547 |
||